Enciclopedia matrimonial (Record no. 59282)

MARC details
000 -LEADER
campo de control de longitud fija 00672nam a2200181 i 4500
001 - NÚMERO DE CONTROL
campo de control 59282
003 - IDENTIFICADOR DE NÚMERO DE CONTROL
campo de control ES-MaACL
005 - FECHA Y HORA DE LA ÚLTIMA TRANSACCIÓN
campo de control 20230906164013.0
007 - CAMPO FIJO DE DESCRIPCIÓN FÍSICA--INFORMACIÓN GENERAL
campo de control de longitud fija t|
008 - DATOS DE LONGITUD FIJA--INFORMACIÓN GENERAL
campo de control de longitud fija 031028s1954 sp ||||1| spa d
245 00 - MENCIÓN DEL TÍTULO
Título Enciclopedia matrimonial
Resto del título : moral, sexual y dificultades contemporáneas /
Mención de responsabilidad, etc. Joseph Folliet ... [et al.] ; [versión española de Fred Pujulá y J.M. Balil Giró].
260 ## - PUBLICACIÓN, DISTRIBUCIÓN, ETC.
Lugar de publicación, distribución, etc. Barcelona :
Nombre del editor, distribuidor, etc. Ediciones y Publicaciones :
-- Dux,
Fecha de publicación, distribución, etc. [1954] (
Fabricante Duplex)
300 ## - DESCRIPCIÓN FÍSICA
Extensión 845 p., 23 lám. ;
Dimensiones 22 cm.
700 1# - ENTRADA AGREGADA--NOMBRE PERSONAL
Nombre de persona Folliet, Joseph.
9 (RLIN) 51473
700 1# - ENTRADA AGREGADA--NOMBRE PERSONAL
Nombre de persona Pujulá, Fred.
9 (RLIN) 94361
700 1# - ENTRADA AGREGADA--NOMBRE PERSONAL
Nombre de persona Balil Giró, José María.
9 (RLIN) 24940
852 ## - LOCALIZACIÓN
Ubicación ES-MaACL
Número de control de estantería C-9561
Sublocalización o colección R.37466
Holdings
Estatus retirado Estado de pérdida Estado de daño No para préstamo Colección Biblioteca de origen Biblioteca actual Ubicación en estantería Fecha de adquisición Fuente de adquisición Total de préstamos Signatura topográfica completa Código de barras Visto por última vez Precio de reemplazo Tipo de ítem Koha
        Colección de referencia Biblioteca del Ateneo de Madrid Biblioteca del Ateneo de Madrid Sala Palomar 17/01/2008     C-9561 1062184 23/02/2023 23/02/2023 Libro impreso